Vorinstalliere Samsung-Apps - Statistiken

Allgemein
  • Dieses Quiz wurde 29 mal gespielt
  • Das Durchschnittsergebnis liegt bei 17 aus 44
Antwortstatistiken
Antwort % Korrekt
Google
86%
Gmail
79%
Kamera
75%
Telefon
75%
Youtube
75%
Maps
71%
Galerie
68%
Kalender
68%
Uhr
68%
Einstellungen
64%
Kontakte
64%
Notes
64%
Play Store
64%
Taschenrechner
64%
Chrome
61%
Drive
57%
Fotos
57%
Internet
46%
Messages
46%
Health
43%
Store
36%
Meet
32%
Google TV
29%
OneDrive
29%
Google Wallet
25%
Samsung Wallet
25%
SmartSwitch
25%
SmartThings
25%
Wearable
25%
Diktiergerät
21%
Eigene Dateien
21%
Gemini
21%
Spotify
21%
Youtube Music
21%
Find
14%
Gaming Hub
14%
TV
14%
M365 Copilot
11%
Outlook
11%
Samsung Shop
7%
Übersetzter
7%
Jugendschutzeinstellungen
0%
MeinVodafone
0%
Vodafone Service
0%
Keine übereinstimmenden Quizze gefunden
Verteilung der Resultate
Anzahl Personen mit jedem Resultat
Perzentil nach korrekt beantworteten Fragen
Ihre Resultats-Entwicklung
Sie haben dieses Quiz noch nicht gespielt